| 000 | 00780nam a2200265Ia 4500 | ||
|---|---|---|---|
| 003 | OSt | ||
| 005 | 20220924123404.0 | ||
| 006 | a|||||r|||| 00| 0 | ||
| 007 | ta | ||
| 008 | 220923b |||||||| |||| 00| 0 tam d | ||
| 020 | _a9788189945091 (pbk) | ||
| 020 | _c60 | ||
| 024 | _a244114 | ||
| 037 |
_b1185, 28/05/2010, Kalachuvadu Pathipagam _cTextual |
||
| 040 |
_aARTS _cARTS _btam |
||
| 041 |
_2tam _atam |
||
| 082 | _aO31,1N69x, P7 | ||
| 100 |
_aVinodhini Au. _9192624 |
||
| 245 | 0 | _aMukamuti Ceypaval | |
| 260 |
_aNagercoil _bKalachuvadu Pathippagam India _c2007 |
||
| 300 |
_a87p. _ccm. |
||
| 650 | _aTAMIL POETRY | ||
| 942 |
_hO31,1N69x, P7 _cTEXL _2CC |
||
| 999 |
_c415509 _d415509 |
||